00661nam a22002175i 45000010009000000050017000090080041000260100017000670200018000840400023001020420008001250500022001332450074001552600042002292630009002713000043002804900059003235000018003826500026004006500017004262047519820230830100142.0180430s2018 nyu 000 0 eng  a 2018942871 a9781493978670 aDLCbengerdacDLC apcc aRA 651b.G46 201800aGenetic epidemiology :bmethods and protocols /cEvangelos Evangelos. aNew York, NY, b Humana Press, c2018 a1806 a x, 299 pages :b illustrations.g28cm a Methods in molecular biology (Clifton, N.J.), v. 1793 aInclude index aEpidemiologic Studies aEpidemiology